| 000 | 01184ced a22002055a 4500 | ||
|---|---|---|---|
| 001 | L152139 | ||
| 008 | 110202e20110107xxk 000 0 eng d | ||
| 035 | _a(Sirsi) u152139 | ||
| 041 | 0 | _aeng | |
| 110 | 2 |
_aRoyal Institution of Chartered Surveyors _94900 |
|
| 245 | 0 | 0 |
_aRICS Land and Society Commission calls for evidence _h[electronic resource] |
| 260 | _c2011 | ||
| 490 |
_aRICS Press Release _v7 January 2011 |
||
| 520 | _aLand and Society Commission is established by RICS to examine how to equip communities to fully embrace their emerging land and property roles in the context of localism and the Big Society. This independent body has embarked on a four month evidence-gathering exercise calling for evidence from relevant witnesses with expertise in community action, the built environment and local government, both in the form of written and oral evidence sessions. The closing date for written evidence is Friday 11 February 2011. | ||
| 590 | _aKA | ||
| 651 | 4 |
_aUnited Kingdom _y |
|
| 690 | _aENVIRONMENTAL AND LAND CONSULTANCY-LAND MANAGEMENT | ||
| 856 | 4 | 0 |
_uhttps://www.rics.org/landandsocietycommission _zView the item free of charge at www.rics.org |
| 942 | _n0 | ||
| 999 |
_c82892 _d82892 |
||